Państwa z populacją powyżej 30 mln - Statystyki

Ogólne statystyki
  • Ten quiz został rozwiązany 475 razy
  • Średni wynik to 38 z 46
Statystyki odpowiedzi
Populacja Kontynent Odpowiedź % Poprawnych
142 122 776 Europa Rosja
98%
1 401 585 247 Azja Chiny
97%
38 420 687 Europa Polska
97%
80 457 737 Europa Niemcy
95%
329 256 465 Ameryka Południowa i Północna Stany Zjednoczone
95%
99 413 317 Afryka Egipt
94%
67 364 357 Europa Francja
94%
49 331 076 Europa Hiszpania
94%
1 359 527 235 Azja Indie
94%
208 846 892 Ameryka Południowa i Północna Brazylia
93%
126 168 156 Azja Japonia
93%
37 289 000 Europa Ukraina
93%
62 246 674 Europa Włochy
93%
44 694 198 Ameryka Południowa i Północna Argentyna
92%
125 959 205 Ameryka Południowa i Północna Meksyk
92%
35 881 659 Ameryka Południowa i Północna Kanada
91%
65 105 256 Europa Wielka Brytania
91%
55 380 210 Afryka Republika Południowej Afryki
89%
203 452 505 Afryka Nigeria
88%
85 281 024 Afryka Demokratyczna Republika Konga
86%
83 024 745 Azja Iran
86%
262 787 403 Azja Indonezja
85%
48 168 996 Ameryka Południowa i Północna Kolumbia
85%
207 862 518 Azja Pakistan
84%
41 657 488 Afryka Algieria
83%
40 194 216 Azja Irak
83%
51 418 097 Azja Korea Południowa
83%
31 331 288 Ameryka Południowa i Północna Peru
83%
81 257 239 Azja Turcja
83%
33 091 113 Azja Arabia Saudyjska
82%
31 689 176 Ameryka Południowa i Północna Wenezuela
80%
108 386 391 Afryka Etiopia
78%
97 040 334 Azja Wietnam
77%
68 615 858 Azja Tajlandia
75%
159 453 001 Azja Bangladesz
74%
48 397 527 Afryka Kenia
73%
34 314 130 Afryka Maroko
73%
43 120 843 Afryka Sudan
73%
105 893 381 Azja Filipiny
72%
34 940 837 Azja Afganistan
70%
55 662 506 Azja Mjanma
66%
31 809 660 Azja Malezja
65%
55 451 343 Afryka Tanzania
63%
30 355 880 Afryka Angola
58%
30 023 709 Azja Uzbekistan
54%
40 853 749 Afryka Uganda
51%
Nie znaleziono quizów pasujących do podanych kryteriów
Rozkład punktacji
Procent ludzi z każdym wynikiem
Percentyl według liczby udzielonych odpowiedzi
Twoja historia wyników
Nie rozwiązałeś tego quizu